Normal view MARC view
  • Matemáticas

Entry Materia

Number of records used in: 1

001 - NÚMERO DE CONTROL DEL REGISTRO

  • campo de control: 48449

003 - IDENTIFICADOR DE NUMERO DE CONTROL

  • campo de control: UPN

005 - FECHA Y HORA DE LA ÚLTIMA TRANSACCIÓN

  • campo de control: 20230321190356.0

008 - DATOS DE LONGITUD FIJA

  • campo de control de longitud fija: 230321dn fnznnbabn n a|a d

040 ## - FUENTE DE LA CATALOGACIÓN

  • Centro catalogador de origen: MX-MxUPN
  • Lengua de catalogación: spa

046 ## - FECHAS CON CODIFICACIÓN ESPECIAL

  • Fecha final para contenidos agregados: 2023

150 ## - ENCABEZAMIENTO - TEMÁTICO

  • Término de materia o nombre geográfico como elemento inicial: Matemáticas
  • Subdivisión de materia general: Historia
  • Subdivisión geográfica: Grecia

670 ## - FUENTE EN LA QUE SE LOCALIZARON DATOS

  • Cita de la fuente: Autoridades BGTQ, 21 marzo 2023:
  • Información localizada: (Matemáticas -- Historia -- México)

670 ## - FUENTE EN LA QUE SE LOCALIZARON DATOS

  • Cita de la fuente: Autoridades BGTQ, 21 marzo 2023:
  • Información localizada: (Grecia -- Historia )

902 ## - CATALOGADOR

  • Catalogador: VíctorGodínez/210323